| 000 | 00388nam a2200157Ia 4500 | ||
|---|---|---|---|
| 008 | 230312s9999||||xx |||||||||||||| ||und|| | ||
| 020 | _a1-84407-787-8 | ||
| 082 |
_a729 _bBLU-I |
||
| 100 | _aBluyssen;Philomena.M | ||
| 245 | 0 | _aIndoor Environment Handbook | |
| 260 |
_bEarthscan _aUK _c2009 |
||
| 300 | _a290 | ||
| 546 | _aeng | ||
| 650 |
_aArchitecture _vIndoor Environment |
||
| 942 | _cBK | ||
| 999 |
_c8281 _d8281 |
||